| 000 | 01051cam a22003134a 4500 | ||
|---|---|---|---|
| 001 | 4274811 | ||
| 003 | OSt | ||
| 005 | 20210414113902.0 | ||
| 008 | 020808s2004 ohua 001 0 eng | ||
| 010 | _a 2002111169 | ||
| 020 | _a0324171889 (pbk.) | ||
| 035 | _a(OCoLC)ocm52377151 | ||
| 035 | _a(NNC)4274811 | ||
| 040 |
_aDLC _cDLC |
||
| 042 | _apcc | ||
| 050 | 0 | 0 | _aHB172.M346 |
| 082 | 0 | 0 |
_a338.5 _221 |
| 100 | 1 | _aMankiw, N. Gregory. | |
| 245 | 1 | 0 |
_aPrinciples of microeconomics / _cN. Gregory Mankiw. |
| 246 | 3 | 0 | _aMicroeconomics |
| 250 | _a3rd ed. | ||
| 260 |
_aMason, Ohio : _bThomson/South-Western, _cc2004. |
||
| 300 |
_axxxi, 509 p. : _bcol. ill. ; _c26 cm. |
||
| 500 | _aIncludes index. | ||
| 505 | _aContents: Introduction -- Supply and demand 1: How markets work -- Supply and demand II: Markets and welfare -- The Economics of the public sector -- Firm behavior and the organization of industry -- The Economics of labor markets -- Topics for future study. | ||
| 650 | 0 | _aMicroeconomics. | |
| 942 |
_2lcc _cBK |
||
| 999 |
_c336 _d7836 |
||